Music Quiz

Random Music or Billboard Quiz

Madonna's 15 Best Songs (according to Billboard) Quiz Stats

 Plays Quiz not verified by Sporcle

Challenge
Share
Tweet
Score 0/15 Timer 05:00
0 Plays Today
Ranking Title % Correct
2Vogue
98.9%
1Like a Prayer
95.7%
9Music
92.4%
7Holiday
90.2%
11Papa Don't Preach
90.2%
13Material Girl
85.9%
5Ray of Light
80.4%
4Express Yourself
76.1%
Ranking Title % Correct
14Borderline
76.1%
15Justify My Love
73.9%
3Into the Groove
73.9%
6Hung Up
73.9%
8Open Your Heart
72.8%
12Live To Tell
67.4%
10Take A Bow
57.6%

You're not logged in!

Compare scores with friends on all Sporcle quizzes.
OR
Log In

You Might Also Like...

Show Comments

Extras

Top Quizzes Today


Score Distribution

Your Account Isn't Verified!

In order to create a playlist on Sporcle, you need to verify the email address you used during registration. Go to your Sporcle Settings to finish the process.

Report this User

Report this user for behavior that violates our Community Guidelines.

Details: